000 01212 a2200181 4500
003 Nust
005 20170207153244.0
040 _cNust
082 _a621.382
100 _aC. S. Henson
245 _aSolution of problems in electronics and telecommunication
_cC. S. Henson
250 _a3rd ed.
260 _aNew York
_bPitman
_c1968
300 _a406p
505 _aGeneral Circuit Theory (Page-1) Theory of Coupled Circuits (Page-29) Valve Amplifiers (Page-50) Valve Amplifiers (Page-87) Valve Amplifier (Page-106) Valve Amplifier Negative Feedback Amplifiers and Cathode (Page-124) Valve Oscillators (Page-150) Modulation (Page-172) Detectors and Frequency Changers (Page-191) Line Transmission (Page-205) Filters and Attenuators (Page-223) Loaded Lines (Page-245) High Frequency Feeders and Waveguides (Page-253)Aerials and Radiation (Page-283) Acoustics (Page-309)Motion of Electrons in Electric and Magnetic Fields (Page-318) Rectifiers and Voltage Stabilizers (Page-333) Operational Amplifiers and waveform Generators (Page-348) Servomechanisms (Page-368) Transistors (Page-381) Miscellaneous Problems (Page-399).
538 _aAlmirah No.36 Shelf No.5
650 _aTelecommunications engineering.
942 _2ddc
_cBK
999 _c182531
_d182531